000 00471nam a2200193Ia 4500
008 210210b xxu||||| |||| 00| 0 eng d
082 _a510.2465 RANB
100 _aRANGANATH (G K)
245 _aBusiness mathemeatics II year pre-university
260 _a
_b-
_c
650 _ayear
650 _apre-university
650 _amathemeatics
650 _aII
650 _aBusiness
690 _aBusiness Mathematics
700 _aRAO (Narasimha T V)
906 _a052739
999 _c116320
_d116320